000 01761cam a2200505Mi 4500
003 PE-LiUPU
005 20250731172849.0
008 120427s2009 ne d 000 0 eng d
020 _a9042922486
020 _a9789042922488
035 _a(Sirsi) i9789042922488
040 _aPE-LiUPU
_bspa
_cPE-LiUPU
_erda
049 _aPRUA
082 0 4 _a221.4803
_bM97
_221
100 1 _aMuraoka, T.
245 0 2 _aA Greek-English lexicon of the Septuagint /
_cT. Muraoka.
264 1 _aLouvain :
_bPeeters,
_c2009.
300 _axl, 757 páginas. ;
_c29 centímetros
336 _atext
_2rdacontent
337 _aunmediated
_2rdamedia
338 _avolume
_2rdacarrier
526 _aSEG42
526 _aSEG41
526 _aSEG40
526 _aSEG39
526 _aP94
526 _aP87
526 _aP86
526 _aP85
526 _aP77
526 _aP76
526 _aP35
630 0 0 _aBiblia.
_pAntiguo Testamento.
_xVersiones
630 0 0 _aBiblia.
_pPentateuco
_vDictionarios.
630 0 0 _aBiblia.
_pProfetas Menores
_vDiccionarios.
650 0 _aLanguaje Griego, Biblico
_vDiccionarios
_xInglés.
700 1 _aMuraoka, T.
910 _ajck
_bbpc
_cbpc
_d20160510
942 _2ddc
_cBOOK
949 _a221.4803 M97
_wDEWEY
_c1
_i73421
_lCCODEBUL1
_mBUL
_p165.70
_r0
_sY
_tBOOK
_u2016-4-27
_xTEOLOGIA
_PP35
_0COMPRA
_o.CIRCNOTE. El documento es de alto precio.
_o.STAFF. Colección General
994 _aC0
_bPEPRU
596 _a1
999 _a221.4803 M97
_wDEWEY
_c9785
_i73421
_f2021-11-9
_g5
_lCCODEBUL1
_mBUL
_p165.70
_r0
_sY
_tBOOK
_u2016-4-27
_xTEOLOGIA
_PP35
_0COMPRA
_o.CIRCNOTE. El documento es de alto precio.
_o.STAFF. Colección General
_d9785
980 _81
_gALBERTO SANCHEZ Responsable de Automatización